000 00459nam a2200157Ia 4500
005 20250508155525.0
008 008 250505s9999 xx 000 0 eng d
020 _a81-7917-073-X
037 _aBooks to be hide in OPAC
040 _aFEDL
_beng
_cFEDL
041 _aeng
_2eng
084 _a028.7, SUP/O
_qFEDL
245 0 _aSupplements to hand-book of information for Indian students
942 _cHB
_h028.7, SUP/O
999 _c1357411
_d1357411